000 00954cam a22002893a 4500
001 23190
003 PGUSA
005 20140828083508.0
008 071025s2007||||xxu|||||s|||||000 1 eng d
040 _aPGUSA
_beng
042 _adc
050 4 _aPZ
100 1 _aKingston, William Henry Giles,
_d1814-1880
245 1 0 _aMary Liddiard :
_bThe Missionary's Daughter
_h[electronic resource] /
_cWilliam Henry Giles Kingston
260 _bProject Gutenberg,
_c2007
506 _aPublic domain in the USA.
516 _aElectronic text
653 _aMissionaries -- Juvenile fiction
653 _aChristian life -- Juvenile fiction
653 _aConduct of life -- Juvenile fiction
653 _aOceania -- Juvenile fiction
653 _aVoyages and travels -- Juvenile fiction
653 _aChildren of missionaries -- Juvenile fiction
830 0 _aProject Gutenberg
_v23190
856 4 0 _uhttp://www.gutenberg.org/ebooks/23190
942 _cEB
999 _c252445
_d252445